000 00441nam a2200181 a 4500
001 1758096253990
003 ACL
005 20250917133613.0
008 250917s2001##################000#0#eng##
020 _a9780743417730
082 0 4 _a791.4575
_bMCT
100 1 _aMcTigue, Maureen,
_eauthor.
245 1 0 _aCelebrations :
260 _bPocket Books/Star Trek,
_c2001.
650 0 _aFiction.
942 _cENGLISH
040 _aACL
_beng
_cACL
999 _c587665
_d587665